L'ecriture de l'histoire
Αποθηκεύτηκε σε:
| Κύριος συγγραφέας: | |
|---|---|
| Μορφή: | Βιβλίο |
| Γλώσσα: | French |
| Δημοσίευση: |
Paris :
Galllimard,
1988.
|
| Σειρά: | Bibliotheque des histoires
|
| Θέματα: | |
| Ετικέτες: |
Προσθήκη ετικέτας
Δεν υπάρχουν, Καταχωρήστε ετικέτα πρώτοι!
|
MARC
| LEADER | 00000cam a2200000 i 4500 | ||
|---|---|---|---|
| 001 | 1/2688 | ||
| 008 | 960221s1988 fr | ||| |||| ||fre|| | ||
| 020 | |a 2070292010 | ||
| 035 | |l 10014949 | ||
| 040 | |a GR-MyUA |b gre |e AACR2 | ||
| 041 | 0 | |a fre | |
| 082 | 0 | |a 907.2 | |
| 100 | 1 | |a Certeau, Michel de. | |
| 245 | 1 | 0 | |a L'ecriture de l'histoire / |c Michel De Certeau. |
| 260 | |a Paris : |b Galllimard, |c 1988. | ||
| 300 | |a 358 σ. | ||
| 490 | 1 | |a (Bibliotheque des histoires) | |
| 650 | 0 | 0 | |a Historiography. |
| 767 | 0 | 8 | |i Μεταφρασμένο ως: |t The writing of history / |
| 830 | 0 | |a Bibliotheque des histoires | |
| 852 | |a INST |b LESVOS |e 19960221 |h 907.2 CER |p 005100007209 |q 005100007209 |t BK |y 0 | ||
| 909 | |a Λ |b 033960 | ||